Online
Catalog

Cartas venezolanas : (Record no. 35645)

MARC details
000 -CABECERA
campo de control de longitud fija 00580nam a2200169 u 4500
001 - NÚMERO DE CONTROL
campo de control 000036154
005 - FECHA Y HORA DE LA ÚLTIMA TRANSACCIÓN
campo de control 20200930074924.0
008 - DATOS DE LONGITUD FIJA--INFORMACIÓN GENERAL
campo de control de longitud fija 111220s dr r 000 0 spa d
040 ## - FUENTE DE LA CATALOGACIÓN
Centro catalogador/agencia de origen DO-SdBNP
Lengua de catalogación spa
Centro/agencia transcriptor BNPHU
082 ## - NÚMERO DE LA CLASIFICACIÓN DECIMAL DEWEY
Número de clasificación xxxx
Número de documento/Ítem A185
100 1# - ENTRADA PRINCIPAL--NOMBRE DE PERSONA
Nombre de persona Acosta, Cecilio
Fechas asociadas al nombre 1818-1881
9 (RLIN) 17887
245 10 - MENCIÓN DE TÍTULO
Título Cartas venezolanas :
Resto del título Apreciación de Cecilio Acosta /
Mención de responsabilidad, etc. Cecilio Acosta.
260 ## - PUBLICACIÓN, DISTRIBUCIÓN, ETC.
Lugar de publicación, distribución, etc. Madrid :
Nombre del editor, distribuidor, etc. Editorial-América.
490 1# - MENCIÓN DE SERIE
Mención de serie Biblioteca Andrés Bello
590 ## - NOTA LOCAL (RLIN)
Nota local Perteneció a la biblioteca personal de Juan Isidro Jimenes Grullón
830 #0 - PUNTO DE ACCESO ADICIONAL DE SERIE-TÍTULO UNIFORME
Título uniforme Biblioteca Andrés Bello
9 (RLIN) 3963

No items available.

Powered by Koha